| 000 | 00000nas 2200000za 4500 |
| 001 | 9.501180 |
| 003 | CaOODSP |
| 005 | 20230818072340 |
| 007 | cr ||||||||||| |
| 008 | 150406d1979200uonc x m o f0 b0fre|d |
| 040 | |aCaOODSP|bfre |
| 043 | |an-cn--- |
| 086 | 1 |aYM32-1F-PDF |
| 245 | 00|aBulletin d'actualité |h[ressource électronique]. |
| 260 | |a[Ottawa] : |bBibliothèque du Parlement, |c1979-2008? |
| 310 | |aIrrégulier |
| 500 | |aPubl. aussi en anglais sous le titre : Current issue review. |
| 520 | 3 |aBrefs commentaires descriptifs portant sur des questions d'actualité. Chaque bulletin est mis à jour régulièrement et comprend une étude de la question, une chronologie des faits marquants, un exposé des mesures prises par le Parlement et une bibliographie sélective. Les renseignements qui y sont fournis sont les plus récents dont on dispose à la date indiquée |
| 550 | |aPubl. 1979-198-? par le Service de recherche; 198--2008? par la Direction de la recherche parlementaire. |
| 710 | 1 |aCanada.|bBibliothèque du Parlement. |bService de recherche. |
| 710 | 1 |aCanada.|bDirection de la recherche parlementaire. |
| 775 | 08|tCurrent issue review |w(CaOODSP)9.504771 |